Vplyv cenovej politiky na nákupné správanie slovenského spotrebiteľa v oblasti cestovného ruchu

V oblasti cestovného ruchu je vysoká konkurencia medzi cestovnými kanceláriami. Cena ako faktor, ktorý môže výrazne ovplyvniť spotrebiteľa. Dôležitosť a vnímanie cien a cenovej politiky v oblasti cestovného ruchu z pohľadu slovenského spotrebiteľa na príklade cestovných kancelárií.

Guardado en:
Detalles Bibliográficos
Autor principal: Gburová, Jaroslava
Otros Autores: Matušíková, Daniela
Formato: Capítulo de libro
Lenguaje:eslovaco
Materias:
Etiquetas: Agregar Etiqueta
Sin Etiquetas, Sea el primero en etiquetar este registro!

MARC

LEADER 00000nla a2200000 4500
001 0190115
005 20220722094201.8
041 0 |a slo 
044 |a SK 
245 1 0 |a Vplyv cenovej politiky na nákupné správanie slovenského spotrebiteľa v oblasti cestovného ruchu  |c Jaroslava Gburová, Daniela Matušíková 
520 |a V oblasti cestovného ruchu je vysoká konkurencia medzi cestovnými kanceláriami. Cena ako faktor, ktorý môže výrazne ovplyvniť spotrebiteľa. Dôležitosť a vnímanie cien a cenovej politiky v oblasti cestovného ruchu z pohľadu slovenského spotrebiteľa na príklade cestovných kancelárií. 
610 2 0 |a ruch cestovný 
610 2 0 |a politika ruchu cestovného 
610 2 0 |a manažment destinačný 
610 2 0 |a kancelárie cestovné 
610 2 0 |a marketing 
610 2 0 |a ceny konkurenčné 
610 2 0 |a spotrebitelia 
100 1 |a Gburová, Jaroslava 
700 1 |a Matušíková, Daniela